Arachaeological Heritage Management (Record no. 5712)

MARC details
000 -LEADER
fixed length control field 00499nam a2200169 4500
005 - DATE AND TIME OF LATEST TRANSACTION
control field 20260311095918.0
008 - FIXED-LENGTH DATA ELEMENTS--GENERAL INFORMATION
fixed length control field 170315b xxu||||| |||| 00| 0 eng d
020 ## - INTERNATIONAL STANDARD BOOK NUMBER
International Standard Book Number 9556130470
041 ## - LANGUAGE CODE
Language code of accompanying material other than librettos ENG
082 ## - DEWEY DECIMAL CLASSIFICATION NUMBER
Classification number 930.1
Item number INT
245 ## - TITLE STATEMENT
Title Arachaeological Heritage Management
260 ## - PUBLICATION, DISTRIBUTION, ETC. (IMPRINT)
Place of publication, distribution, etc. Colombo:
Name of publisher, distributor, etc. ICOMOS, Central Cultural Fund Publication,
Date of publication, distribution, etc. 1993.
300 ## - PHYSICAL DESCRIPTION
Extent පිටු 143
Dimensions සෙ.මී. 29
650 #0 - SUBJECT ADDED ENTRY--TOPICAL TERM
Topical term or geographic name as entry element Archaeological
9 (RLIN) 2881
700 ## - ADDED ENTRY--PERSONAL NAME
Personal name Prematilleke, P.L
9 (RLIN) 3158
Relator term Edit:
942 ## - ADDED ENTRY ELEMENTS (KOHA)
Source of classification or shelving scheme Dewey Decimal Classification
Koha item type Books
Holdings
Lost status Source of classification or shelving scheme Damaged status Not for loan Home library Current library Date acquired Inventory number Total Checkouts Full call number Barcode Date last seen Copy number Price effective from Koha item type
0 Dewey Decimal Classification No   Nagananda International Institute for Buddhist Studies(NIIBS) Nagananda International Institute for Buddhist Studies(NIIBS) 11/03/2026 09414   930.1 INT 09414 11/03/2026 09414 11/03/2026 Books